000
00278nam a22001217a 4500
020
_a
0-408-01361-3
082
_a
004.16 HOL'M
100
_a
HOLDSWORTH, B
_9
65867
245
_a
MICROPROCESSOR ENGINEERING
260
_a
LONDON
_b
BUTTERWORTH
_c
1986
300
_a
340P
942
_c
BK
999
_c
573954
_d
573954